00479 a2200145 4500010001400000020001100014035001300025037001600038082001200054100002100066245007000087260004800157270009200205300003600297 aENG-88565 c200.00 aEN-72098 bDBAD / PUB14a915.1041 aBatcha, L. Kamal1 aA few days in the people's republic of China/cby L. Kamal Batcha aThanjavurbCrescent Moon Publicationsc2004 a23/35 Eswari Nagar, Medical College Road, Thanjavur - 613 004bThanjavure613 004cT.N. a168p.:c22cm (Hb)bcol. photos